|
|
|
|
| LEADER |
00887nam a2200265 4500 |
| 001 |
DLU180184500 |
| 005 |
##20180418 |
| 040 |
# |
# |
|a DLU
|b vie
|
| 041 |
# |
# |
|a vie
|
| 044 |
# |
# |
|a vn
|
| 100 |
# |
# |
|a Nguyễn Thái Uyên Hương.
|
| 245 |
# |
# |
|a Xin lỗi và bồi thường chiến tranh trong quan hệ quốc tế - Kinh nghiệm lịch sử trong quan hệ Việt-Mỹ /
|c Nguyễn Thái Uyên Hương.
|
| 653 |
# |
# |
|a Bồi thường chiến tranh
|
| 653 |
# |
# |
|a Quan hệ quốc tế
|
| 653 |
# |
# |
|a Quan hệ Việt-Mỹ
|
| 653 |
# |
# |
|a Singapore
|
| 773 |
# |
# |
|t Nghiên cứu lịch sử
|g Số 3(467), 2015, tr. 14-22
|
| 920 |
# |
# |
|a Phòng Tạp chí -- Trung tâm Thông tin - Thư viện Trường Đại học Đà Lạt
|
| 900 |
# |
# |
|a True
|
| 911 |
# |
# |
|a Nguyễn Thị Thu Phương
|
| 925 |
# |
# |
|a G
|
| 926 |
# |
# |
|a A
|
| 927 |
# |
# |
|a BB
|
| 980 |
# |
# |
|a Thư viện Trường Đại học Đà Lạt
|